| 000 | 03314cam a2200409 i 4500 | ||
|---|---|---|---|
| 001 | 768714001 | ||
| 003 | CO-MdFUSB | ||
| 005 | 20210512124639.0 | ||
| 007 | ta | ||
| 008 | 080527t2008 ilu b 000 0 eng | ||
| 010 | _a 2008022667 | ||
| 020 |
_a9780830834518 _q(pbk. ; _qalk. paper) |
||
| 020 |
_a0830834516 _q(pbk. ; _qalk. paper) |
||
| 040 |
_aDLC _beng _cCO-MdFUSB _dIDI _dCO-MdFUSB _dOCLCQ _dCHRRO _dBDX _dOCLCF _dOCLCO _dOCLCQ _dNZABT _dOCLCQ _dWIO _dMOR _dFPD _erda |
||
| 041 | _aeng | ||
| 082 |
_223 _a234.5 _bK196 |
||
| 100 | 1 |
_aKatongole, Emmanuel, _d1960- _eautor |
|
| 245 | 1 | 0 |
_aReconciling all things : _ba Christian vision for justice, peace and healing _c/ Emmanuel Katongole , Chris Rice. |
| 264 | 1 |
_aDowners Grove, Ill. : _bIVP Academic, _c[2008] |
|
| 264 | 4 | _c© 2008 | |
| 300 |
_a165 páginas ; _c21 cm. |
||
| 336 |
_atexto _btxt _2rdacontent. |
||
| 337 |
_asin mediación _bn _2rdamedia. |
||
| 338 |
_avolumen _bnc _2rdacarrier. |
||
| 490 | 1 | _aResources for reconciliation. | |
| 504 | _aIncluye referencias bibliográficas (páginas 155-160). | ||
| 505 | _aIntroducción - Visiones predominantes de la reconciliación - Un paso atrás: la reconciliación como objetivo de la historia de Dios - La reconciliación es un viaje con Dios - Cómo nos reconfiguran las Escrituras - La disciplina del lamento - La esperanza en un mundo roto - Por qué la reconciliación necesita la iglesia - El corazón, el espíritu y la vida de liderazgo - Epílogo: A largo plazo. | ||
| 520 | _aNuestro mundo está roto y clama por la reconciliación. Pero la mera resolución de conflictos y el establecimiento de la paz no son suficientes. ¿Qué hace posible la reconciliación real? ¿Cómo es que algunas personas pueden perdonar los males más horrendos? ¿Y qué papel juega Dios en estas historias? ¿Tiene sentido la reconciliación aparte de la historia bíblica de la redención? Los modelos seculares de establecimiento de la paz son insuficientes. Y la iglesia no siempre ha cumplido su llamado a ser agentes de reconciliación en el mundo. En Reconciling All Things, Emmanuel Katongole y Chris Rice, codirectores del Centro para la Reconciliación de la Duke Divinity School, emitieron una visión integral para la reconciliación que es bíblica, transformadora, holística y global. Se basan en los recursos de la historia cristiana, incluidas sus propias experiencias individuales en Uganda y Mississippi, para aportar una reflexión teológica sólida sobre el trabajo de reconciliación de individuos, grupos y sociedades. Recuperan prácticas distintivamente cristianas que ayudarán a la iglesia a ser un signo y un agente del amor reconciliador de Dios en el mundo fragmentado del siglo XXI. Este poderoso y conciso libro sienta las bases filosóficas de los Recursos para la Reconciliación, una nueva serie de InterVarsity Press y el Centro para la Reconciliación en la Duke Divinity School que explora lo que significa perseguir la esperanza en áreas de ruptura en teoría y práctica. | ||
| 563 | _aRústico | ||
| 650 | 7 |
_aReconciliación _xAspectos religiosos _xCristianismo _2embne _92055 |
|
| 700 | 1 |
_aRice, Chris, _d1960- _eautor |
|
| 830 | 0 | _aResources for reconciliation. | |
| 942 | _cBK | ||
| 945 | _aJTF-925 | ||
| 999 |
_c66200 _d66200 |
||